Historia general de las ciencias (Record no. 161015)

MARC details
000 -LEADER
fixed length control field 00805nam a22001937a 4500
005 - DATE AND TIME OF LATEST TRANSACTION
control field 20220517084524.0
008 - FIXED-LENGTH DATA ELEMENTS--GENERAL INFORMATION
fixed length control field 220314b sp ||||| |||| 00| 0 spa d
020 ## - INTERNATIONAL STANDARD BOOK NUMBER
International Standard Book Number 8423308987
050 04 - LIBRARY OF CONGRESS CALL NUMBER
Classification number Q125
Item number H57 1972
245 00 - TITLE STATEMENT
Title Historia general de las ciencias
Statement of responsibility, etc / dirección de René Taton
250 ## - EDITION STATEMENT
Edition statement 1a ed.
260 ## - PUBLICATION, DISTRIBUTION, ETC. (IMPRINT)
Place of publication, distribution, etc España :
Name of publisher, distributor, etc Ediciones destino,
Date of publication, distribution, etc 1975
300 ## - PHYSICAL DESCRIPTION
Extent V. :
Other physical details il. ;
Dimensions 23 cm.
500 ## - GENERAL NOTE
General note Incluye índice
505 1# - FORMATTED CONTENTS NOTE
Title V. 1 -- La ciencia antigua y medieval (de los orígenes a 1450)
-- V. 2 -- La ciencia moderna (de 1450 a 1800)
-- V.3.. La ciencia contemporánea I el siglo XIX
-- V. 4 -- La ciencia contemporánea II, el siglo XX
-- V. 5 -- La ciencia contemporánea II, el siglo XX
650 #7 - SUBJECT ADDED ENTRY--TOPICAL TERM
Source of heading or term lemb
Topical term or geographic name as entry element Ciencia
General subdivision Historia
700 1# - ADDED ENTRY--PERSONAL NAME
Personal name Taton, René
Relator term prologuista
942 ## - ADDED ENTRY ELEMENTS (KOHA)
Source of classification or shelving scheme Biblioteca del Cogreso de los Estados Unidos
Koha item type Libro
Holdings
Estado de pérdida Fuente de clasificación Estado del daño No para préstamo Ubicación permanente Ubicación actual Apartado o colección Fecha de adquisición Edición Enumeración de Serie / Cronológica Área del conocimiento Total Checkouts Clasificación Código de Barras Date last seen Número de copia Costo por reposición Tipo de recurso
  Biblioteca del Cogreso de los Estados Unidos     Biblioteca de la Unidad de Ciencias Ingeniería y Humanidades Biblioteca de la Unidad de Ciencias Ingeniería y Humanidades General 14/03/2022 1a ed. V. 4 Ciencias Naturales y Exactas   Q125 H57 1975 BCU000010608 14/03/2022 1 1.00 Libro
  Biblioteca del Cogreso de los Estados Unidos     Biblioteca de la Unidad de Ciencias Ingeniería y Humanidades Biblioteca de la Unidad de Ciencias Ingeniería y Humanidades General 14/03/2022 1a ed. V. 4 Ciencias Naturales y Exactas   Q125 H57 1975 BCU000010609 14/03/2022 2 1.00 Libro
  Biblioteca del Cogreso de los Estados Unidos     Biblioteca de la Unidad de Ciencias Ingeniería y Humanidades Biblioteca de la Unidad de Ciencias Ingeniería y Humanidades General 14/03/2022 1a ed. V. 2 Ciencias Naturales y Exactas   Q125 H57 1972 BCU000010610 14/03/2022 1 1.00 Libro
  Biblioteca del Cogreso de los Estados Unidos     Biblioteca de la Unidad de Ciencias Ingeniería y Humanidades Biblioteca de la Unidad de Ciencias Ingeniería y Humanidades General 24/03/2022 1a ed. V.1 Ciencias Naturales y Exactas   Q125 H57 1971 BCU000010772 24/03/2022 1 1.00 Libro
  Biblioteca del Cogreso de los Estados Unidos     Biblioteca de la Unidad de Ciencias Ingeniería y Humanidades Biblioteca de la Unidad de Ciencias Ingeniería y Humanidades General 04/05/2022 1a ed. V :1 Ciencias Naturales y Exactas   Q125 H57 1971 BCU000010983 04/05/2022 2 1.00 Libro
  Biblioteca del Cogreso de los Estados Unidos     Biblioteca de la Unidad de Ciencias Ingeniería y Humanidades Biblioteca de la Unidad de Ciencias Ingeniería y Humanidades General 04/05/2022 1a ed. V :3 Ciencias Naturales y Exactas   Q125 H57 1973 BCU000010984 04/05/2022 1 1.00 Libro